header

Quidditch : Through The Ages (Record no. 261857)

MARC details
000 -LEADER
fixed length control field 00242nam a22001097a 4500
020 ## - INTERNATIONAL STANDARD BOOK NUMBER
ISBN 0439321611
100 ## - MAIN ENTRY--AUTHOR NAME
Personal name J.K.Rowling
245 ## - TITLE STATEMENT
Title Quidditch : Through The Ages
260 ## - PUBLICATION, DISTRIBUTION, ETC. (IMPRINT)
Place of publication New York
Name of publisher Scholastic
Year of publication 2001
300 ## - PHYSICAL DESCRIPTION
Number of Pages 56 pgs
942 ## - ADDED ENTRY ELEMENTS (KOHA)
Koha item type Long Loan Books
Holdings
Withdrawn status Lost status Collection code Home library Current library Shelving location Date acquired Accession Number Koha item type
    Non-fiction Rongo University Library Rongo University Library Children's Area 27/11/2023 CL2412021 Long Loan Books

© 2026 Rongo University
Contact us: librarian | system librarian | Rongo university